000 00408nam a22001337a 4500
003 SGT
082 _a617.632
_bE18S
100 _aSANJAY SINGH
245 _aEVALUATION OF DENTOSKELETAL CHANGES FOLLOWING EN-MASSE RETRACTION OF ANTERIOR TEETH USING MICRO OSTEOPERFORATION A CBCT STUDY
260 _aDELHI NCR
_bSGT UNIVERSITY GURUGRAM
_c2018
300 _a1-97
650 _aORTHODONTICS
942 _2ddc
_cTH
_01
999 _c17080
_d17080